000 01315nam0a2200361 4500
001 RU\NLR\bibl\1379724
005 20250615193023.0
010 _a978-5-17-056036-3
_bАСТ
010 _a978-5-403-00585-2
_bАСТ Москва
_95000
021 _aRU
_b2009-27915
_91672
035 _a(nilc)IZD\AST\2007\900031
035 _a(NLR Aleph) 001371818
090 _a1046538
_c1046538
100 _a20090410d2009 |||y0rusy50 ca
101 1 _arus
_ceng
102 _aRU
105 _ay |||||||||
200 1 _aТайна без покровов
_fДжим Джерард
_g[пер. с англ. М.А. Александровой]
210 _aМосква
_cАСТ
_cАСТ Москва
_d2009
215 _a188, [1] с.
_d21
606 1 _aСамовнушение
_jПопулярные издания
_91323803
_3RU\NLR\auth\66234577
686 _a84.7США-47
_vLBC/PL
_2rubbk
686 _a0680
_aПублицистика
_2TCC-BG
686 _a0017
_aПопулярная психология
_2TCC-BG
686 _aЮ962я9
700 1 _aДжерард
_bДж.
_gДжим
_4070
801 0 _aRU
_bЛИБНЕТ
_c20090410
_gRCR
801 1 _aRU
_bЦУНБ Москва
_c20090424
_2rusmarc
801 2 _aRU
_bNLR
_c20090610
_grcr
830 _aCODE_OF_LIBNET\000026682
942 _cBOOK
980 _aNB